Statystyki dla Transfery Wisły Płock w letnim okienku transferowym 2021/22.

Kliknij tutaj aby rozwiązać quiz!

Ogólne statystyki

  • Ten quiz został rozwiązany 12 razy
  • Średni wynik to 7 z 13

Statystyki odpowiedzi

CenaPozycjaNarodowośćPoprzedni KlubPiłkarz% Poprawnych
WypożyczenieLewy napastnikGwinea BissauLudogorets RazgradJorginho
83%
Za darmoŚrodkowy napastnikPolskaŁKS ŁodźSekulski
75%
Za darmoOfensywny pomocnikPolskaLegia Warszawa IIWarchoł
75%
Za darmoŚrodkowy pomocnikPolskaGenclerbirligiFurman
67%
Za darmoŚrodkowy napastnik ChorwacjaEmmenKolar
67%
?Prawy obrońcaSłowacjaMSK ZilinaVallo
58%
Za darmoBramkarzPolskaJagiellonia BiałystokWęglarz
50%
15 tysOfensywny pomocnikPolskaLegia Warszawa IICielemecki
42%
70 tysLewy obrońcaAzerbejdżanNeftchi BakuKryvotsiuk
42%
?Lewy obrońca PolskaEscola Varsovia U19Błachewicz
33%
?Środkowy obrońcaPolskaUKS SMS Łódź U19Drapiński
33%
?BramkarzPolskaZawisza BydgoszczOczkowski
25%
?Lewy napastnikPolskaUKS SMS Łódź U19Paciorek
8%

Rozkład punktacji

Percentyl według liczby udzielonych odpowiedzi

Procent ludzi z każdym wynikiem

Twoja historia wyników

Nie rozwiązałeś tego quizu